| 000 | 00947cam a2200205 4500 | ||
|---|---|---|---|
| 001 | X113349 | ||
| 008 | 000000n2001 000 0 eng u | ||
| 035 | _a(Sirsi) u113349 | ||
| 100 | _aBlyth, A. | ||
| 245 | _aHow to... brief for a relocation | ||
| 260 | _c2001 | ||
| 490 |
_aProperty Week _v66(24) 15 June 2001, 128-130(2) |
||
| 520 | _aNotes that the brief for a relocation should consider both the long and short-term needs of the organisation and its staff and identifies the key issues as: setting out reasons, objectives and priorities for the move; how the location of premises can affect viability and staff retention; how the new premises will allow response to change; preparing an exit strategy and how the new premises could be subdivided. | ||
| 650 | _aOFFICE RELOCATION | ||
| 650 | _aRELOCATION | ||
| 650 | _aRELOCATION ISSUES | ||
| 650 | _aRELOCATION MANAGEMENT | ||
| 690 | _aMANAGEMENT-BUSINESS MANAGEMENT | ||
| 942 | _n0 | ||
| 999 |
_c67528 _d67528 |
||